|
|
|
|
| LEADER |
00000nam0a2200000 4500 |
| 001 |
285058 |
| 005 |
20231101235746.0 |
| 035 |
|
|
|a (RuTPU)RU\TPU\book\309259
|
| 090 |
|
|
|a 285058
|
| 100 |
|
|
|a 20150220d1984 m y0rusy5003 ca
|
| 101 |
0 |
|
|a rus
|
| 102 |
|
|
|a RU
|
| 105 |
|
|
|a y j 001zy
|
| 200 |
1 |
|
|a Организация и управление научно-производственных комплексов
|e учебное пособие
|f Ф. М. Русинов, В. И. Бусов
|g Московский институт народного хозяйства им. Г. В. Плеханова
|
| 210 |
|
|
|a Москва
|c Изд-во МИНХ
|d 1984
|
| 215 |
|
|
|a 44 с.
|
| 320 |
|
|
|a Библиогр.: с. 36-37 (8 назв.)
|
| 606 |
1 |
|
|a Научно-производственные объединения
|x Управление
|2 stltpush
|3 (RuTPU)RU\TPU\subj\45157
|9 64418
|
| 610 |
1 |
|
|a учебные пособия
|
| 610 |
1 |
|
|a организация
|
| 610 |
1 |
|
|a проектирование
|
| 610 |
1 |
|
|a формирование
|
| 675 |
|
|
|a 658.016.4(075.8)
|z rus
|v 3
|
| 700 |
|
1 |
|a Русинов
|b Ф. М.
|g Федор Михайлович
|4 070
|
| 701 |
|
1 |
|a Бусов
|b В. И.
|g Владимир Иванович
|4 070
|
| 712 |
0 |
2 |
|a Московский институт народного хозяйства им. Г. В. Плеханова
|c (1924-1991)
|2 stltpush
|3 (RuTPU)RU\TPU\col\14943
|9 26045
|
| 801 |
|
0 |
|a RU
|b RuMRKP
|c 19950704
|g psbo
|
| 801 |
|
1 |
|a RU
|b 63413507
|c 20150220
|
| 801 |
|
2 |
|a RU
|b 63413507
|c 20170602
|g RCR
|
| 942 |
|
|
|c BK
|